Birds from Gabon and Moyen Congo [by] Austin L. Rand, Herbert Friedmann [and] Melvin A. Traylor, Jr.
Saved in:
| 主要作者: | |
|---|---|
| 其他作者: | , , |
| 格式: | 图书 |
| 语言: | English |
| 出版: |
[Chicago]
Chicago Natural History Museum,
1959.
|
| 丛编: | Publication (Chicago Natural History Museum) ;
797 Fieldiana. Zoology ; v. 41, no. 2. |
| 主题: | |
| 标签: |
添加标签
没有标签, 成为第一个标记此记录!
|
| LEADER | 01466cam a2200361I 4500 | ||
|---|---|---|---|
| 001 | 005334688-2 | ||
| 005 | 20020606095253.2 | ||
| 008 | 780906s1959 ilub b 000 0 eng | ||
| 010 | |a 59015918 | ||
| 035 | 0 | |a ocm04201491 | |
| 040 | |a DLC |c SOI |d OCL |d HMZ | ||
| 043 | |a f-go--- |a f-cf--- | ||
| 050 | 0 | |a QL1 |b .F4 vol. 41, no. 2 |a QL692.R344 | |
| 082 | |a 598.29672 | ||
| 100 | 1 | |a Rand, Austin Loomer, |d 1905- | |
| 245 | 1 | 0 | |a Birds from Gabon and Moyen Congo [by] Austin L. Rand, Herbert Friedmann [and] Melvin A. Traylor, Jr. |
| 260 | |a [Chicago] |b Chicago Natural History Museum, |c 1959. | ||
| 300 | |a 221-411 p. |b fold map. |c 24 cm. | ||
| 500 | |a Fieldiana : zoology, v. 41, no. 2. | ||
| 500 | |a "This paper is dedicated to Professor Erwin Stresemann on the occasion of his seventieth birthday." | ||
| 504 | |a Bibliography: p. 405-410. | ||
| 600 | 1 | 0 | |a Stresemann, Erwin, |d 1889- |
| 650 | 0 | |a Birds |z Gabon. | |
| 650 | 0 | |a Birds |z Brazzaville |z Congo. | |
| 650 | 0 | |a Birds |z Congo (Brazzaville) | |
| 700 | 1 | |a Friedmann, Herbert, |d 1900-1987. | |
| 700 | 1 | |a Traylor, Melvin A. |q (Melvin Alvah), |d 1915-2008. | |
| 700 | 1 | |a Stresemann, Erwin, |d 1889-1972. | |
| 776 | 0 | 8 | |i Online version: |a Rand, Austin Loomer, 1905-1982. |t Birds from Gabon and Moyen Congo. |d [Chicago] Chicago Natural History Museum, 1959 |w (OCoLC)256762514 |
| 830 | 0 | |a Publication (Chicago Natural History Museum) ; |v 797 | |
| 830 | 0 | |a Fieldiana. |p Zoology ; |v v. 41, no. 2. | |
| 988 | |a 20020608 | ||
| 906 | |0 DLC | ||


